The representative men of the New Testament. (Record no. 5087)

000 -LEADER
fixed length control field 00628nam a2200193 a 4500
001 - CONTROL NUMBER
control field :::00002828$&:&@@
003 - CONTROL NUMBER IDENTIFIER
control field OkBaRHE
005 - DATE AND TIME OF LATEST TRANSACTION
control field 20000607103257.0
008 - FIXED-LENGTH DATA ELEMENTS--GENERAL INFORMATION
fixed length control field s1902 j 000 0 eng u
040 ## - CATALOGING SOURCE
Transcribing agency
100 1# - MAIN ENTRY--PERSONAL NAME
Personal name Matheson, George, 1842-1906
245 14 - TITLE STATEMENT
Title The representative men of the New Testament.
260 ## - PUBLICATION, DISTRIBUTION, ETC. (IMPRINT)
Place of publication, distribution, etc New York, NY., :
Name of publisher, distributor, etc Hodder and Stoughton
Date of publication, distribution, etc 1902
300 ## - PHYSICAL DESCRIPTION
Extent viii, 369 p. ;
Dimensions 20 cm.
650 ## - SUBJECT ADDED ENTRY--TOPICAL TERM
Topical term or geographic name as entry element Bible
General subdivision Biography
-- New Testament
650 ## - SUBJECT ADDED ENTRY--TOPICAL TERM
Topical term or geographic name as entry element Bible New Testament
General subdivision Biography
942 ## - ADDED ENTRY ELEMENTS (KOHA)
Source of classification or shelving scheme
Koha item type Books
Copies
Withdrawn status Shelving location Price effective from Copy number Not for loan Source of classification or shelving scheme Koha item type Damaged status Date last seen Full call number Permanent Location Barcode Lost status Date acquired
 General Stacks2010-04-141  Books 2018-03-16BS 2430 .M3RHEMA Bible Training College2828 2010-04-14